<Le> chômage de longue durée
Saved in:
| Main Author: | |
|---|---|
| Format: | Book |
| Language: | French |
| Published: |
Paris
Presses Universitaires de France
1995
|
| Series: | que sais - je ?
|
| Subjects: | |
| Tags: |
No Tags, Be the first to tag this record!
|
MARC
| LEADER | 00000nam$a2200000$$$4500 | ||
|---|---|---|---|
| 001 | 0116166 | ||
| 005 | 20240111124614.9 | ||
| 020 | |a 2-13-046799-7 | ||
| 041 | 0 | |a fre | |
| 044 | |a FR | ||
| 245 | 1 | 0 | |a <Le> chômage de longue durée |c Didier Demaziere |
| 264 | 1 | |a Paris |b Presses Universitaires de France |c 1995 | |
| 300 | |a 127 s. | ||
| 490 | 1 | |a que sais - je ? | |
| 830 | 0 | |a que sais - je ? | |
| 610 | 2 | 0 | |a politika sociálna |
| 610 | 2 | 0 | |a nezamestnanosť |
| 610 | 2 | 0 | |a problémy spoločenské |
| 610 | 2 | 0 | |a pomoc sociálna |
| 610 | 2 | 0 | |a dávky sociálne |
| 100 | 1 | |a Demaziere, Didier | |